000 00533nam a2200205Ia 4500
005 20260429112115.0
008 260429s9999||||xx |||||||||||||| ||und||
020 _a9781032664903
041 _aEnglish
082 _a547
_bDEA
100 _aDeakin, Jeffrey J.
245 0 _aOrganic chemistry :
_bmiracles from plants /
_cJeffrey J. Deakin
250 _a1st ed.
260 _aBoca Raton :
_bCRC Press,
_c2024.
300 _axvii, 257 p.; pbk
650 _a Organic
650 _a Plants
650 _aChemistry
942 _cTB
999 _c52392
_d52392